Soil Reinforcement Using Coconut Fibre (Record no. 14912)
[ view plain ]
| 000 -LEADER | |
|---|---|
| fixed length control field | 00581nam a22001817a 4500 |
| 003 - CONTROL NUMBER IDENTIFIER | |
| control field | OSt |
| 088 ## - REPORT NUMBER | |
| Report number | P 381 |
| 100 ## - MAIN ENTRY--AUTHOR NAME | |
| Personal name | ATHIRA P |
| -- | RANJAN KUMAR |
| 245 ## - TITLE STATEMENT | |
| Title | Soil Reinforcement Using Coconut Fibre |
| 260 ## - PUBLICATION, DISTRIBUTION, ETC. (IMPRINT) | |
| Place of publication | Tavanur 2017 |
| Name of publisher | Department of Irrigation and Drainage Engineering |
| 300 ## - PHYSICAL DESCRIPTION | |
| Number of Pages | 73 |
| 500 ## - GENERAL NOTE | |
| General note | Soil Reinforcement Using Coconut Fibre |
| 520 ## - SUMMARY, ETC. | |
| Summary, etc | Soil Reinforcement Using Coconut Fibre |
| 700 ## - ADDED ENTRY--PERSONAL NAME | |
| Personal name | Dr. Asha Joseph (Guide) |
| 856 ## - ELECTRONIC LOCATION AND ACCESS | |
| Uniform Resource Identifier | https://drive.google.com/open?id=10Wfem9ZPkKWDvyHthF4zlFiM4fQEPMz7 |
| 942 ## - ADDED ENTRY ELEMENTS (KOHA) | |
| Koha item type | Project Report |
| Collection code | Home library | Current library | Shelving location | Full call number | Accession Number | Koha item type |
|---|---|---|---|---|---|---|
| Reference | KAUAET | KAUAET | Reference | 631.587 ATH/SO | P 381 | Project Report |
